<?xml version="1.0" encoding="UTF-8"?>
<marc:record xmlns:marc="http://www.loc.gov/MARC21/slim">
   <marc:leader>00000nam a2200000 a 4500</marc:leader>
   <marc:datafield ind1=" " ind2=" " tag="653">
      <marc:subfield code="a">Englisch</marc:subfield>
   </marc:datafield>
   <marc:datafield ind1=" " ind2=" " tag="653">
      <marc:subfield code="a">wie es Ihre SchülerInnen in aktuellen Magazinen und im Internet vorfinden.</marc:subfield>
   </marc:datafield>
   <marc:datafield ind1=" " ind2=" " tag="653">
      <marc:subfield code="a">Grammar reference - Überblick über die Grammatikartikel</marc:subfield>
   </marc:datafield>
   <marc:datafield ind1=" " ind2=" " tag="653">
      <marc:subfield code="a">Imaginative Stories - Einfallsreiche Geschichten</marc:subfield>
   </marc:datafield>
   <marc:datafield ind1=" " ind2=" " tag="653">
      <marc:subfield code="a">Softcover / Schule</marc:subfield>
   </marc:datafield>
   <marc:datafield ind1=" " ind2=" " tag="653">
      <marc:subfield code="a">Lernen/Schulbücher Allgemeinbildende Schulen</marc:subfield>
   </marc:datafield>
   <marc:datafield ind1=" " ind2=" " tag="653">
      <marc:subfield code="a">Schulbuch</marc:subfield>
   </marc:datafield>
   <marc:datafield ind1="0" ind2="0" tag="245">
      <marc:subfield code="a">More!</marc:subfield>
   </marc:datafield>
   <marc:datafield ind1=" " ind2="1" tag="264">
      <marc:subfield code="a">Rum</marc:subfield>
      <marc:subfield code="b">Helbling Languages</marc:subfield>
   </marc:datafield>
   <marc:datafield ind1=" " ind2=" " tag="250">
      <marc:subfield code="a">First published 2016, second print run 2016</marc:subfield>
   </marc:datafield>
   <marc:datafield ind1="1" ind2=" " tag="520">
      <marc:subfield code="a">Angaben aus der Verlagsmeldung

MORE! 1 Student's Book NEU : SbNr 135557 / von Günther Gerngross, Herbert Puchta, Christian Holzmann, Jeff Stranks, Peter Lewis-Jones

Das Student's Book bietet:
◾Imaginative Stories: Einfallsreiche Geschichten, die Ihnen und Ihren SchülerInnen Freude bereiten werden.
◾Real world topics &amp; texts: Englisch, wie es Ihre SchülerInnen in aktuellen Magazinen und im Internet vorfinden.
◾Fun: Songs, Poems, Chants und Spaß mit Fido cartoon strips.
◾Speaking competence: Wortschatz in vernetzten Kontexten, Redemittel und häufig verwendete Phrasen.
◾Innovative learning: Gezielte Language awareness activities zum Verstehen der Grammatik, Grammar cartoons helfen beim Merken der Strukturen.
◾Culture pages: Vier neue Seiten im Anhang bieten Ihnen landeskundliche Information zu Großbritannien.
◾Grammar reference: Ein Überblick über die Grammatikkapitel ermöglicht Ihren SchülerInnen selbstständiges Wiederholen und Nachschlagen der Grammatik.
</marc:subfield>
   </marc:datafield>
   <marc:datafield ind1=" " ind2=" " tag="020">
      <marc:subfield code="a">9783990450468</marc:subfield>
      <marc:subfield code="9">9783990450468</marc:subfield>
   </marc:datafield>
   <marc:datafield ind1=" " ind2=" " tag="041">
      <marc:subfield code="a">ger</marc:subfield>
   </marc:datafield>
   <marc:datafield ind1=" " ind2=" " tag="300">
      <marc:subfield code="a">156 Seiten</marc:subfield>
   </marc:datafield>
</marc:record>
